Les Grandes Dates de la 1ere Guerre Mondiale - Statistiques

Statistiques générales
  • Ce quiz a été pris 109 fois
  • Le résultat moyen est 3 sur 7
Statistiques - réponses
indices Réponse % Correct
Assassinat de François Ferdinand 28 juin 1914
89%
signature de l'armistice 11 novembre 1918
67%
L'Allemagne déclare la Guerre à la France 3 aout 1914
66%
signature du traité de Versailles 28 juin 1919
37%
Entrée en Guerre des États-Unis 6 avril 1917
12%
Bataille de Verdun ( mettre un tiret ) 21 février - 18 décembre 1916
8%
Révolution d'Octobre en Russie (Début) 7 Novembre 1917
3%
Aucun quiz correspondant
Distribution des résultats
% des personnes avec chaque résultat
Percentile par nombre de réponses
Votre historique - résultats
Vous n’avez pas pris ce quiz